00571nam a22001817a 450000500170000001000150001702000260003203500130005803700130007108200160008410000260010024500970012626000390022327000500026230000220031250000400033470000150037420151120111432.0 aENG-114106 c620.00a9788184249767 aEN-97638 bDBAD/PUB a339.5220954 aSolanki, Mukesh Kumar aPublic expenditure, economic growth and inflation /cby Mukesh Kumar Solanki [and] Vinod Sen aNew DelhibAllied Publishersc2015 aA-104, Mayapuri Phase II, bNew Delhie110064 ax,120p.c22cm(Hb) aIncludes bibliographical references aSen, Vinod